Statistiques concernant Les significations des noms de grandes marques

Cliquez ici pour prendre le quiz!

Statistiques générales

  • Ce quiz a été pris 291 fois
  • Le résultat moyen est 2 sur 13

Statistiques - réponses

MarqueSignification française% Correct
ApplePomme
100%
VolkswagenVoiture du Peuple
40%
KFCPoulet Frit du Kentucky
27%
DesperadosDésespérés
16%
FacebookTrombinoscope
10%
TwitterGazouillement
3%
NASAAdministration Nationale de l'Aéronautique et de l'Espace
2%
LufthansaAir Hanse
1%
SamsungTrois Étoiles
1%
NintendoLaissons la Chance au Ciel
0%
NestléPetit Nid
0%
UPSService de Colis Uni
0%
UNIQLOVêtements Uniques
0%

Distribution des résultats

Percentile par nombre de réponses

% des personnes avec chaque résultat

Votre développement - résultats

Vous n’avez pas pris ce quiz